| 000 -CABECERA |
| Longitud fija campo de control |
00561nam a22001817a 4500 |
| 003 - IDENTIFICADOR DEL NÚMERO DE CONTROL |
| Identificador del número de control |
OSt |
| 005 - FECHA Y HORA DE LA ÚLTIMA TRANSACCIÓN |
| Fecha y hora de la última transacción |
20170502171627.0 |
| 008 - CÓDIGOS DE INFORMACIÓN DE LONGITUD FIJA |
| Códigos de información de longitud fija |
170502s2011 fr |||||| |00| ||eng|d |
| 020 ## - NÚMERO INTERNACIONAL NORMALIZADO PARA LIBROS |
| Número Internacional Normalizado para Libros (ISBN) |
9789231041938 |
| 040 ## - FUENTE DE LA CATALOGACIÓN |
| Centro catalogador de origen |
ES-BaCBU |
| Lengua de catalogación |
cat |
| Centro transcriptor |
CDMR |
| 245 10 - MENCIÓN DE TÍTULO |
| Título |
Professional journalism and self-regulation |
| Resto del título |
: new media, old dilemmas in South East Europe and Turkey |
| 260 ## - PUBLICACIÓN, DISTRIBUCIÓN, ETC. (PIE DE IMPRENTA) |
| Lugar de publicación, distribución, etc. |
Paris : |
| Nombre del editor, distribuidor, etc. |
Unesco, |
| Fecha de publicación, distribución, etc. |
2011 |
| 300 ## - DESCRIPCIÓN FÍSICA |
| Extensión |
147 p.; |
| Dimensiones |
21 cm |
| 650 00 - PUNTO DE ACCESO ADICIONAL DE MATERIA - TÉRMINO DE MATERIA |
| Término de materia o nombre geográfico como elemento inicial |
Ètica periodística |
| 9 (RLIN) |
983 |
| Subdivisión geográfica |
Turquia |
| 650 04 - PUNTO DE ACCESO ADICIONAL DE MATERIA - TÉRMINO DE MATERIA |
| Término de materia o nombre geográfico como elemento inicial |
Llibertat d'informació |
| 9 (RLIN) |
1574 |
| Subdivisión geográfica |
Turquia |
| 710 2# - PUNTO DE ACCESO ADICIONAL - NOMBRE DE ENTIDAD |
| Nombre de entidad o nombre de jurisdicción como elemento inicial |
Unesco |
| 9 (RLIN) |
1452 |
| 942 ## - ENTRADA DE ELEMENTOS AGREGADOS (KOHA) |
| Koha [por defecto] tipo de item |
Monografies |